000 00432nam a2200157 a 4500
001 000040407
005 20201002034119.0
008 130823s1975 mx 000 0 spa d
040 _aDO-SdBNP
_bspa
_cBNPHU
082 _axxxx
_bxxx
245 0 0 _aGuía para la presentación de proyectos.
250 _a3a. ed.
260 _aMéxico :
_bSiglo XXI Editores,
_c1975.
300 _a230 p. ;
_c23 cm.
504 _aBibliográfia p: 226-230
999 _c39897
_d39897